مدن المغرب - الموت المفاجئ - Statistics

الإحصائيات العامة
  • هذا الإختبار تم الخضوع له 75 مره
  • الدرجة المتوسطة هي 21 من 30
Answers on the Grid
Answers color-coded by a green-red scale on the quiz's grid according to % correct below.
الرباط
لدَّارُ ٱلْبَيْضَاء
مَكْنَاس
فَاس
أݣادير
الحسيمة
برشيد
بني ملال
شفشاون
لدرارݣة
إنزݣان
جْرادة
لفنيدق
القنيطرة
الخميسات
العيون
ݣلميم
الناظور
مُرّاكُش
المضيق
مارتيل
ورزازات
سَلَا
الصخيرات
طَنْجَة
سيدي قاسم
تطوان
طانطان
تيفلت
زاݣورة
تونس
منستير
ياموسوكرو
باريس
بيكين
واشنطن
ٱلْقَاهِرَة
سطيف
داكار
كينشاسا
بريتوريا
موسكو
عشق أباد
غرداية
بلوماناخ
سكر
الرياض
شانديغار
 
إحصائيات الإجابة
Answer % صحيح
الرباط
81%
طَنْجَة
81%
مَكْنَاس
79%
فَاس
79%
مُرّاكُش
79%
الناظور
77%
أݣادير
75%
لدَّارُ ٱلْبَيْضَاء
73%
القنيطرة
73%
شفشاون
71%
لفنيدق
71%
ݣلميم
71%
سَلَا
71%
الصخيرات
71%
تطوان
71%
زاݣورة
71%
بني ملال
69%
طانطان
69%
الحسيمة
67%
إنزݣان
67%
الخميسات
67%
ورزازات
67%
تيفلت
65%
العيون
63%
برشيد
60%
جْرادة
60%
سيدي قاسم
60%
لدرارݣة
56%
المضيق
56%
مارتيل
52%
No matching quizzes found
توزيع النقاط
نسبة الأشخاص لكل درجة
النسبة وفقا للأرقام
سجل النقاط الخاصة بك
لم تضخع لهذا الإختبار